000 00645nam a2200229 i 4500
001 C2-0302008
003 PPAK
005 20180728083148.0
008 100106s2002 xx a|||| ||||| | tam d
040 _aPPAK
_beng
_cPPAK
_erda
082 0 4 _a894.8113
_223
090 0 0 _a894.8113
_bPOR
_dK
100 0 _aPoraiyarukanga Ganesan,
_eauthor
245 1 0 _aSuttikalukkana kuttik kathaikal
264 1 _bManimegalaip Pirasuram ,
_c2002
300 _a51 pages :
_billustrations ;
_c18 cm
336 _2rdacontent
_atext
337 _2rdamedia
_aunmediated
338 _2rdacarrier
_avolume
650 1 0 _aChildren's stories, Tamil
942 _ddc
_cB
999 _c105727
_d105727